From VP to President - Statistics

General Stats
  • This quiz has been taken 34 times
  • The average score is 14 of 15
Answer Stats
Party President % Correct
Republican George H. W. Bush
100%
Democratic Joe Biden
100%
Republican Gerald Ford
97%
Federalist John Adams
97%
Democratic Andrew Johnson
94%
Democratic Harry S. Truman
94%
Democratic Lyndon B. Johnson
94%
Republican Richard Nixon
94%
Republican Theodore Roosevelt
94%
Democratic Martin Van Buren
90%
Democratic-Republican Thomas Jefferson
90%
Republican Calvin Coolidge
87%
Whig John Tyler
81%
Republican Chester A. Arthur
71%
Whig Millard Fillmore
71%
No matching quizzes found
Score Distribution
Percent of People with Each Score
Percentile by Number Answered
Your Score History
You have not taken this quiz